Direito do seguro contemporńeo Ediȯ̂ comemorativa dos 20 anos do IBDS / Tomo II

Bibliographic Details
Main Author: Tzirulnik, Ernesto
Other Authors: Cavalcanti, Carolina, Boaventura Xavier, Vt̕or, Blanco, Ana Maria
Format: eBook
Language:Portuguese
Published: San Pablo: Editora ContraCorrente, 2021
Subjects:
Online Access:Acceso restringido

MARC

LEADER 00000nam a22000007a 4500
005 2021100508588.0
007 cr|||| ||||
008 211005s2021 br |||||s|||| 00||0 por d
020 |a 978-65-88470-31-2 
035 |a 35203 
040 |a vLex 
090 |c 12496  |d 12496 
100 1 |a Tzirulnik, Ernesto 
245 1 0 |a Direito do seguro contemporńeo  |h [Recurso electrn̤ico] :  |b Ediȯ̂ comemorativa dos 20 anos do IBDS /  |c Ernesto Tzirulnik, Carolina Cavalcanti, Vt̕or Boaventura Xavier, Ana Maria Blanco  |n Tomo II 
256 |a Servicio en ln̕ea 
260 |a San Pablo:  |b Editora ContraCorrente,  |c 2021 
300 |a 1 recurso electrn̤ico 
506 1 |a Disponible solo en los productos indicados  |d vLex Global  |d vLex Global (Academic Edition, excluding Law Schools)  |d vLex Global (U.S. Academic Edition, Law Schools)  |d vLex Global (U.S. Academic Edition, excluding Law Schools)  |d vLex Global (Academic Edition, Law Schools) 
650 0 4 |a Derecho Mercantil y de la Empresa  |z Brasil 
700 1 |a Cavalcanti, Carolina 
700 1 |a Boaventura Xavier, Vt̕or 
700 1 |a Blanco, Ana Maria 
740 0 |a vLex Libros (Servicio en ln̕ea) 
856 4 0 |u https://app.vlex.com/#/sources/35203  |z Acceso restringido 
942 |c BOOK 
999 0 |a Derecho Mercantil y de la Empresa